Datum a čas kvízu
35
Celkem bodů
Celkový počet nahraných bodů na tomto kvízu bez doplňovacích otázek.
10.
Pořadí na kvízu
Konečné umístění týmu na tomto kvízu.
Zaznamenané odpovědi
| # | Otázka | Odpověď | Body | Výsledky |
|---|---|---|---|---|
| 1. | Nově zvolený poslanec za KDU-Č... | kroj | 1 | |
| 2. | Tichomořské souostroví s popul... | Tuvalu | 0 | |
| 3. | Ačkoli nedávno prohlásil, že n... | Tomáš Klus | 1 | |
| 4. | Jistý filmař v roce 1993 spolu... | Peter Jackson | 0 | |
| 5. | Do nominace české ženské hokej... | Karolína Erbanová | 1 | |
| 6. | Budeme se zabývat osobnostmi,... | Alžběta / Eliška Pomořanská, Zikmund Lucemburský | 1 | |
| 7. | Posuneme se do doby přelomu 16... | Edward Kelley | 1 | |
| 8. | Zde vidíme dvě fotografie jedn... | Shirley Temple (provdaná Black) | 1 | |
| 9. | Napíšete-li jméno muže na obrá... | Osmany Laffita, Kuba | 1 | |
| 10. | A na závěr představíme dva ciz... | Vrbětice | 1 |